Narrating the Heritage of Psychiatry /
This volume highlights the importance of diverse voices and perspectives in understanding the history and heritage of psychiatry. Exploring the complex interrelations between psychiatry, heritage and power, Narrating the Heritage of Psychiatry c
مؤلفون آخرون: , ,
التنسيق: كتاب الكتروني
اللغة: English
منشور في:
Leiden ; Boston :
Brill,
2024.
سلاسل:
Literature and Cultural Studies E-Books Online, Collection 2025.
Narratives and Mental Health ;
1.
الموضوعات:
الوصول للمادة أونلاين: Login to view Source
الوسوم: إضافة وسم
رقم الطلب: QH75
| LEADER | 02392nam a22005538i 4500 | ||
|---|---|---|---|
| 001 | BRILL9789004519848 | ||
| 003 | nllekb | ||
| 005 | 20241111180806.0 | ||
| 006 | m d | ||
| 007 | cr un uuuua | ||
| 008 | 240705s2024 gw sb 001 0 eng d | ||
| 010 | |a 2024027464 | ||
| 020 | |a 9789004519848 |q (electronic book) | ||
| 020 | |z 9789004519831 |q (print) | ||
| 024 | 7 | |a 10.1163/9789004519848 |2 DOI | |
| 035 | |z (OCoLC)1436906649 | ||
| 040 | |a NL-LeKB |c NL-LeKB |e rda | ||
| 041 | |a eng | ||
| 050 | 4 | |a QH75 | |
| 072 | 7 | |a MB |2 bicssc | |
| 072 | 7 | |a MED |x 000000 |2 bisacsh | |
| 082 | 0 | 4 | |a 639.9 |2 23 |
| 245 | 1 | 0 | |a Narrating the Heritage of Psychiatry / |c edited by Elisabeth Punzi, Christoph Singer, Cornelia Wächter. |
| 264 | 1 | |a Leiden ; |a Boston : |b Brill, |c 2024. | |
| 264 | 4 | |c ©2024 | |
| 300 | |a 1 online resource (240 pages) : |b illustrations. | ||
| 336 | |a text |b txt |2 rdacontent | ||
| 337 | |a computer |b c |2 rdamedia | ||
| 338 | |a online resource |2 rdacarrier | ||
| 490 | 1 | |a Literature and Cultural Studies E-Books Online, Collection 2025 | |
| 490 | 1 | |a Narratives and Mental Health ; |v 1 | |
| 504 | |a Includes bibliographical references and index. | ||
| 505 | 0 | |t Acknowledgements -- List of Figures and Tables -- Notes on Contributors -- Introduction -- Elisabeth Punzi, Christoph Singer and Cornelia Wächter -- 1 Artist's Statement -- Marta Wandt -- 2 Unsettling the Past: Creating a Multi-Vocal Heritage | |
| 520 | |a This volume highlights the importance of diverse voices and perspectives in understanding the history and heritage of psychiatry. Exploring the complex interrelations between psychiatry, heritage and power, Narrating the Heritage of Psychiatry c | ||
| 546 | |a English | ||
| 588 | |a Description based on print version record. | ||
| 650 | 0 | |a Biology. | |
| 650 | 0 | |a History of Medicine. | |
| 650 | 0 | |a History. | |
| 650 | 0 | |a Psychology. | |
| 700 | 1 | |a Punzi, Elisabeth, |e editor. | |
| 700 | 1 | |a Singer, Christoph, |e editor. | |
| 700 | 1 | |a Wächter, Cornelia, |e editor. | |
| 776 | 0 | 8 | |i Print version: |t Narrating the Heritage of Psychiatry : |d Leiden ; Boston : Brill, 2024. |z 9789004519831 |w (DLC) 2024027463 |
| 830 | 0 | |a Literature and Cultural Studies E-Books Online, Collection 2025. | |
| 830 | 0 | |a Narratives and Mental Health ; |v 1. | |
| 856 | 4 | |z DOI: |u http://dx.doi.org/10.1163/9789004519848 | |
| 942 | |2 lcc |c EBOOK | ||
| 999 | |c 59740 |d 59740 | ||
